000
00201 a2200097 4500
001
30632
100
_a
Unesco
245
_a
Fundamental Education
260
_a
_b
Macmillan Co
_c
090
_c
20569
_d
20569
942
_a
NUST-CAE
_c
_c
11746
999
_c
265705
_d
265705